000 00631nam a2200217 a 4500
005 20140310183504.0
008 100809s19uu xx 00 eng d
020 _a9781847324252
050 _aBF 431.3
_b.B836 2010
100 _aCarter, et. al.
245 _aThe complete book intelligence tests :
_bdiscover how smart you really are- and improve. /
_cCarter.
260 _aLondon :
_bCarlton Books Limited,
_c2010.
300 _a400 p. :
_bill. ;
_c23 cm.
521 _aPSYCH
650 _aIntelligence tests.
700 _aCarter
700 _aFulton
700 _aRussell
942 _cBK
_2lcc
_kFOR
999 _c24014
_d24014